'90s Animated Movies by Quote Quiz Stats

 Plays Quiz Updated Aug 13, 2019

Score 0/20 Timer 06:00
1 Play Today
% Correct
The Nightmare Before Christmas
94.6%
The Prince of Egypt
91.7%
Beauty and the Beast
89.8%
The Rugrats Movie
86.8%
Hercules
86.2%
Toy Story
83.5%
Balto
82.2%
Mulan
81.9%
Aladdin
79.7%
A Bug's Life
79.3%
% Correct
The Lion King
78.2%
A Goofy Movie
77.7%
Antz
73.7%
Pocahontas
62.4%
Princess Mononoke
52.1%
Anastasia
46.6%
James and the Giant Peach
45.8%
FernGully:
The Last Rainforest
41.6%
The Iron Giant
40%
The Swan Princess
35.5%

You're not logged in!

Compare scores with friends on all Sporcle quizzes.
OR
Log In

Sporcle TV

Today on Sporcle TV


Watch our educational content, quiz creation guides, and fun videos on Sporcle TV.

Show Comments

Extras

Top Quizzes Today


Score Distribution

Your Account Isn't Verified!

In order to create a playlist on Sporcle, you need to verify the email address you used during registration. Go to your Sporcle Settings to finish the process.

Report this User

Report this user for behavior that violates our Community Guidelines.

Details: